000 00435nam a2200157Ia 4500
999 _c19637
_d19637
003 OSt
005 20200618130456.0
008 190216s9999||||xx |||||||||||||| ||und||
040 _coclc
082 _a954
_bIAS/ S
100 _aI A S Study Circle
245 0 _aStudies In Indian History
260 _bBook Hive Publications,
_c1981.
_aNew Delhi:
300 _a224p
942 _cBK
_2ddc
_h954
_iIAS/S
_k954
_mIAS/S